Sacred principles, services, and soliloquies, or, A manual of devotions /

Bibliographic Details
Main Author: Brough, W. (William), d. 1671
Format: eBook
Language:English
Published: London : Printed for P. Parker, 1679.
Edition:The fifth edition, with some amendments.
Series:Early English books online.
Subjects:
Online Access:Connect to the full text of this electronic book

MARC

Tag First Indicator Second Indicator Subfields
LEADER 00000nam a2200000Ia 4500
001 in00004178607
005 20200807090320.0
006 m g d
007 cr bn |||a|bb|
008 830310s1679 enk o 00| | eng d
035 |a (OCoLC)9300519 
040 |a UMI  |c UMI  |d WaOLN 
037 |a CL0037000044  |b ProQuest Information and Learning. 300 N. Zeeb Rd., Ann Arbor, MI 48106 
049 |a UMIA 
090 |a BV4831  |b .B76 1679 
100 1 |a Brough, W.  |q (William),  |d d. 1671. 
245 1 0 |a Sacred principles, services, and soliloquies, or, A manual of devotions /  |c by W. Brough. 
250 |a The fifth edition, with some amendments. 
260 |a London :  |b Printed for P. Parker,  |c 1679. 
300 |a 1 online resource ([20], 566 pages) 
336 |a text  |b txt  |2 rdacontent 
337 |a computer  |b c  |2 rdamedia 
338 |a online resource  |b cr  |2 rdacarrier 
500 |a "Made up of three parts, I. the grounds of Christian religion and the doctrine of the Church of England as differing from the Now-Roman and New-Reformed ones, II. daily and weekly forms of prayers, fortified with Holy Scriptures, meditations, and rules to keep the soul from the common roads of sin and carry it on in a mortified course, III. seven charges to conscience, delivering (if not the whole body) the main limbs of divinity, which is the art not of disputing, but living well." 
500 |a "To the reader" signed: Philo Christianus. 
500 |a "A preservative against the plague of schism": pages 517-566 has special t.p. 
500 |a Reproduction of original in the St. John's College Library, Cambridge University. 
510 4 |a Wing  |c B4995. 
533 |a Electronic reproduction.  |b Ann Arbor, Mich. :  |c UMI,  |d 1999-  |f (Early English books online)  |n Digital version of: (Early English books, 1641-1700 ; 1303:22)  |7 s1999 miun s 
650 0 |a Devotional exercises. 
610 2 0 |a Church of England  |v Apologetic works. 
700 1 2 |a Brough, W.  |q (William),  |d d. 1671.  |t A preservative against the plague of schism. 
740 0 |a Manual of devotions. 
830 0 |a Early English books online. 
856 4 0 |u http://proxy.library.tamu.edu/login?url=https://search.proquest.com/docview/2248501902  |z Connect to the full text of this electronic book  |t 0 
999 f f |s 3d37fa84-6a24-3678-9dae-7132941de06d  |i d5180c9c-f1fb-3109-9d0e-b2baf054b6ee  |t 0 
952 f f |a Texas A&M University  |b College Station  |c Electronic Resources  |d Available Online  |t 0  |e BV4831 .B76 1679  |h Library of Congress classification 
998 f f |a BV4831 .B76 1679  |t 0  |l Available Online